| 000 | 00553nam a2200229Ia 4500 | ||
|---|---|---|---|
| 003 | 0100 | ||
| 008 | 130307s9999 xx 000 0 und d | ||
| 040 | _cARRUPELIB | ||
| 050 | _aBJ1012.F536 1991 | ||
| 100 | _aFischer , John Martin | ||
| 245 | _aEthics | ||
| 245 | _bproblems and principles | ||
| 260 | _aPhiladelphia | ||
| 260 | _bHarcourt Brace Jovanovich College Publishers | ||
| 260 | _c1991 | ||
| 300 | _axii | ||
| 300 | _b366p. 24cm. | ||
| 650 | _aETHICS | ||
| 650 | _btheology, doctrinal | ||
| 700 | _aRavizza , Mark | ||
| 942 | 0 | 0 | _06 |
| 999 |
_c96136 _d96136 |
||